000 00659nam a2200289Ia 4500
005 20260324133559.0
008 008 260324s9999 xx 000 0 eng d
020 _a9780203480434
037 _aEBOOK
040 _aCRL
040 _beng
040 _cCRL
041 _2eng
041 _aeng
084 _qCRL
100 _aPeter Fenves
_91193625
245 0 _aLate Kant
245 0 _bTowards Another Law of the Earth
260 _bTaylor and Francis
260 _c2003
365 _a
365 _b205
856 _uhttp://www.taylorfrancis.com/books/9780203480434
942 _cEBOOK
999 _c1792811
_d1792811